01435nam a22004217a 4500003000400000005001700004008004100021040002200062082001700084100005300101245001400154260007800168300001900246366000800265490002400273505001700297505002200314505001600336505002200352505002000374505002000394505003200414505002300446505007500469505002800544505001600572505003500588505002400623505002400647505002500671650004100696650005000737650004300787650004800830650004300878650004400921650004800965OSt20230518095421.0221006b |||||||| |||| 00| 0 eng d cBiblioteca Lado V a701.1bS744a aSrendni de Birbragher, Celiaeeditoraedirectora aArtNexus/ bAsociación de Revistas Culturalesc2019aCanadaaAmerica LatinaaBrasil c24x30cma136p. espa a113v18x0120 713 X tCarlos Urroz tUn Museo portatil tYoshua Okon tRicardo Lanzarini tLolo Soldevilla tLotty Rosenfeld tLa XIII Bienal de La Habana tRios Intermitentes tExposicionesaErika Verzutti Zilia Sanchez Antonio Dias Mapa Teatro tCrónicas Individuales tColectivas  tGuía de Galerías y Museos  tReseñas de Libros tLIbros y Catalogos  tLibros para la Venta 2Tesauro de Arte & ArquitecturaaARTE 2Tesauro de Arte & ArquitecturaaEXPOSICIONES  2Tesauro de Arte & ArquitecturaaBIENAL 2Tesauro de Arte & ArquitecturaaAPRECIACION 2Tesauro de Arte & ArquitecturaaTEORIA 2Tesauro de Arte & ArquitecturaaCRITICA 2Tesauro de Arte & ArquitecturaaFOTOGRAFIA